000 00280nam a22001217a 4500
008 241207b |||||||| |||| 00| 0 eng d
041 _aEng
245 _aVoice And Data
260 _aDelhi
_bCybermedia
_c2024
300 _a74;. P.
856 _uwww.voicendata.com
942 _cSR
_s1
999 _c43166
_d43166